000
00270nam a2200109Ia 4500
008
190216s9999||||xx |||||||||||||| ||und||
100
_a
Venmani S Shankara Varier
245
0
_a
Malayalam-Nothradamile Koonan
260
_b
Nbs Kottayam
650
_a
Malayalam
942
_c
BK
999
_c
25366
_d
25366